| 000 | 00389nam a2200145Ia 4500 | ||
|---|---|---|---|
| 008 | 240624s9999 xx 000 0 und d | ||
| 041 | _aeng | ||
| 082 | _a650.144 SAN | ||
| 100 | _aSANDBERG ANNE | ||
| 245 | _aINTERVIEW FOR SUCCESS A HALF DAY COMPETE | ||
| 260 |
_c2010 _aMumbai _bBook Land International Pvt. Ltd. |
||
| 300 | _aiv, : 33 : p. : cm. ; 27 | ||
| 365 |
_cRS _b25 |
||
| 440 | _v2 | ||
| 999 |
_c17925 _d17925 |
||